000
00303nam a22001457a 4500
008
221020b ||||| |||| 00| 0 eng d
020
_a
6416071
041
_a
eng
080
_a
575
082
_a
575ROB
100
_a
13
101
_a
CHEM
245
_a
ORGANIC CHEMISTRY
_c
ROBERTS
942
_2
udc
_c
BK
999
_c
58631
_d
58631